| 000 | 00889nam a22002537a 4500 | ||
|---|---|---|---|
| 001 | 38281 | ||
| 003 | BD-RjUL | ||
| 005 | 20211209052750.0 | ||
| 008 | 151029s2001 ii ||||| b||| 00| 0 ben d | ||
| 020 | _a9844810132 | ||
| 035 | _a(BD-RjUL)38386 | ||
| 040 |
_aBD-RjUL _beng _cBD-RjUL |
||
| 041 | _aeng | ||
| 082 |
_a891.441092 _bBAD 2001 |
||
| 100 |
_aবালা, অমৃতলাল _9118037 |
||
| 245 | 1 | 0 |
_aদৌলত কাজী : কবি ও কাব্য / _cঅমৃতলাল বালা |
| 260 |
_aঢাকা : _bপ্রতীতি প্রকাশন, _c২০০১ |
||
| 300 |
_a৩৫১ পৃ. ; _c২২ সেমি. |
||
| 600 |
_aকাজী, দৌলত _xজীবনী _9163946 |
||
| 600 |
_aKazi, Doulat _xBiography _9163947 |
||
| 650 |
_aBengali Writer _9117020 |
||
| 650 |
_aবাংলা লেখক _9135145 |
||
| 942 |
_2ddc _cBK _014 |
||
| 999 |
_c38281 _d38281 |
||